000 00354nam a2200121Ia 4500
005 20251222154337.0
008 251222s9999||||xx |||||||||||||| ||spa||
020 _a84-7444-526-4
082 _aREF.946/B74
100 _a"Borja Cardeles Gonzales Vallecillo, Carlos"
245 0 _aEnciclopedia de la naturaleza de España: áreas de montañas
942 _cLIB
999 _c34381
_d34381